Nemzeti szabványügyi és minöségpolitika kialakítása.

Vzájomné súvislosti politiky štandardizácie a akosti. Význam medzinárodných skúseností pre Maďarsko. Stav medzinárodnej štandardizácie. Zosúladenie maďarských a medzinárodných štandardov. Úloha štátu v štandardizácii. Systém politiky akosti a skúšobníctvo v Maďarsku.

Salvato in:
Dettagli Bibliografici
Autore principale: Petrovai, L.
Natura: Capitolo di libro
Lingua:ungherese
Soggetti:
Tags: Aggiungi Tag
Nessun Tag, puoi essere il primo ad aggiungerne!!

MARC

LEADER 00000naa a2200000 4500
001 r011237
005 20221125113543.2
041 0 |a hun 
044 |a HU 
245 1 0 |a Nemzeti szabványügyi és minöségpolitika kialakítása.  |c L. Petrovai 
520 |a Vzájomné súvislosti politiky štandardizácie a akosti. Význam medzinárodných skúseností pre Maďarsko. Stav medzinárodnej štandardizácie. Zosúladenie maďarských a medzinárodných štandardov. Úloha štátu v štandardizácii. Systém politiky akosti a skúšobníctvo v Maďarsku. 
610 2 0 |a štandardizácia 
610 2 0 |a kvalita 
610 2 0 |a skúšobníctvo štátne 
610 2 0 |a MR 
610 2 0 |a normalizácia 
610 2 0 |a štát 
610 2 0 |a riadenie kvality 
100 1 |a Petrovai, L.